What's in a Male Name? Quiz Stats

 Plays Quiz Updated May 20, 2016

Support Sporcle.
Go Orange.
Score 0/20 Timer 03:00
7 Plays Today
% Correct
Rich
92.9%
Victor
92.2%
Lance
90.4%
Gene
88.4%
Chase
88.1%
Jack
87.8%
John
87.6%
Frank
87.3%
Will
86.5%
Grant
86.1%
% Correct
Bill
82.5%
Dale
80.1%
Mark
79.5%
Jimmy
79.5%
Nick
78.4%
Ralph
76.9%
Tom
75.1%
Peter
73.1%
Dirk
63.3%
Brad
62.5%

You're not logged in!

Compare scores with friends on all Sporcle quizzes.
OR
Log In

From the Vault

Remove Ads.
Support Sporcle.
Get the best of Sporcle when you Go Orange. This ad-free experience offers more features, more stats, and more fun while also helping to support Sporcle. Thank you for becoming a member.

Show Comments

Extras

Top Quizzes Today


Score Distribution

Your Account Isn't Verified!

In order to create a playlist on Sporcle, you need to verify the email address you used during registration. Go to your Sporcle Settings to finish the process.

Report this User

Report this user for behavior that violates our Community Guidelines.

Details: